00888nam a2200241 u 450000100100000000500170001000800410002702000150006804000250008304100390010808200150014710000210016224000340018324501880021726000410040530000280044650000350047450000180050953400440052770000240057170000190059570000320061400002523220200930023640.0110209s1992 ag a r 000 | spa d a9688882739 aDO-SdBNPbspacBNPHU17aspaheng2Código de idiomas MARC axxxbB877s1 aBrown, Lester R. 0aSaving the planet.lEspañol13aLa salvación del planeta :bcómo desarrollar una economía global para el medio ambiente /cLester R. Brown, Christopher Flavin, Sandra Postel; traducción María Vidal Campos. aBuenos Aires :bSudamericana,c1992. a215 p. :bil. ;c22 cm. aIncluye índice de referencia aIncluye notas aTítulo original :tSaving the planet.1 aFlavin, Christopher1 aPostel, Sandra1 aVidal Campos, María,etr.